000 00779nam0a22002411 4500
001 rc\197271
005 20250620230300.0
010 _a5-86480-001-5
_930000
035 _a(NLR Aleph) 005451597
090 _a4863226
_c4863226
100 _a20030307d1995 |||y0rusy50 ca
101 0 _arus
102 _aRU
105 _aa |||||||||
200 1 _aВолшебные чары любви, или Любовь и магия
_eЭнцикл. практ. приворот. любов. магии
210 _aМ.
_cИЧП "Д-Графика"
_d1995
215 _a156, [1] с.
_cил.
_d20
700 1 _aСамофалова
_bЭ.Л.
_gЭльвира Леонтьевна
801 0 _aRU
_bNLR
_gpsbo
801 1 _aRU
_bELAR
_2rusmarc
852 _aNLR
_j95-3/7130
942 _cBOOK
980 _aNB